• 首页
  • 本馆介绍
  • 公告通知
  • 最新文献
  • 馆藏检索
  • 电子资源
  • 读者导购
  • 参考咨询
  • 我的图书馆
  • 登录
  • 详细信息显示
  • 放入我的书架
  • 预约/预借图书
  • 作者相关作品
  • 分类相关作品
  • 丛书相关作品
  • 出版社相关作品

书目信息

  • 表格格式
  • 工作单格式
  • 卡片格式
题名:
行政诉讼法学学习指导书
    
 
作者: 杨海坤 , 朱叶 编
分册:  
出版信息: 北京   中央广播电视大学出版社  1995
页数: 99页
开本: 20cm
丛书名:
单 册:
中图分类: D925.31
科图分类: 35.2219
主题词: 行政诉讼法--法学--中国--电视大学--教学参考资料
电子资源:
ISBN: 7-304-01004-5
000 00780nam0 2200253 45
001 0196024186
005 20070721165516.76
010    @a7-304-01004-5@dCNY3.05
100    @a19960717d1995 em y0chiy0121 ea
101 0  @achi
102    @aCN@b110000
105    @ay z 000yy
200 10 @a行政诉讼法学学习指导书@AXING ZHENG SU SONG FA XUE XUE XI ZHI DAO SHU@f杨海坤,朱 叶编@FYANG HAI KUN , ZHU YE BIAN
210    @a北京@c中央广播电视大学出版社@d1995
215    @a99页@d20cm
300    @a中央广播电视大学教材
540 1  @a诉讼法@ASU SONG FA
606    @a行政诉讼法@x法学@y中国@x电视大学@x教学参考资料
690    @aD925.31
692    @a35.2219
701  0 @a杨海坤@AYANG HAI KUN@4编
701  0 @a朱叶@AZHU YE@4编
801  0 @aCN@bTSSF@c20070721
905    @a10447@dD925.31@e326
    
    行政诉讼法学学习指导书/杨海坤,朱 叶编.-北京:中央广播电视大学出版社,1995
    99页;20cm
    中央广播电视大学教材
    
    ISBN 7-304-01004-5:CNY3.05
    
●
相关链接 在E读中查询图书 在五车中查询图书 在当当中查询图书 在豆瓣中查询图书


正题名:行政诉讼法学学习指导书     索取号:D925.31/326         预约/预借

序号 登录号 条形码 馆藏地/架位号 状态 备注
1 0766536   207665365   第一样本阅览室/ [索取号:D925.31/326] 在馆    
唐山师范学院图书馆 欢迎您!
大连网信软件有限公司© 版权所有